000 00383nam a2200133Ia 4500
003 GCL
008 140319s9999 xx 000 0 ara d
040 _aGCL /
_cGCL
082 0 4 _a071.9565
_bج ص
245 1 0 _aصحافة الكواكبى
260 _a[S.N] :
_bمؤسسة فكر للابحاث والنشر ،
_c1984
300 _a248 ص
490 _aسلسلة فجر النهضة
_v0
999 _c36106
_d36106